000 01181naa a22003257a 4500
001 BR7907897
003 BR-BrBNA
005 20240918174518.0
007 ta
008 230509b bl.||||| |||| 00| 0 por d
040 _aBR-BrBNA
_bpor
_cBiblioteca Nacional de Agricultura
041 _a(Pt)
072 _aP05
_b/G514
090 _aP05 BR7907897
100 1 _aZettl, B.J.E.
100 1 _aBastos Netto, D.
100 1 _aTeixeira, H.J.
100 1 _aVieira, I.A.
111 1 _a2. Congresso Latino-Americano de Energia Solar
_cJoao Pessoa, PB (Brazil)
_d13 Feb 1978
245 1 _aEmprego conjugado de energia solar e eolica no projeto Cabo Frio [Rio de Janeiro, Brasil]
260 3 _aJoao Pessoa, PB (Brasil):
_c1979.
500 _aAtas do 2. Congresso Latino-Americano de Energia Solar Joao Pessoa, PB (Brasil): 1979. v. 3 p. 945-947 (BR7907897-AM)P05
650 _aENERGIA SOLAR
650 _aENERGIA EOLICA
650 _aCABO FRIO
650 _aRIO DE JANEIRO
773 0 _tAtas do 2. Congresso Latino-Americano de Energia Solar
_wP05 BR7907897
_gJoao Pessoa, PB (Brasil), 1979. v. 3 p. 945-947
909 _a202404
_bLucia
_c55
_dLucia Elande
942 _cAM
_2AGRIS
999 _c311699
_d311699